00607nam a2200217Ia 4500008004100000020001800041050001600059100001900075245002700094245002200121260001500143260001600158260000900174300001600183300002000199300001000219300002800229440000700257999001900264952010600283170918s9999 xx 000 0 und d a9780439888097 bL345wa 2008 aLasky, Kathryn 4aThe war of the Ember / cby Kathryn Lasky. aNew York : bScholastic, c2008 a232 pages : billustrations ; c19cm. eGuardians of Ga'hoole ; a15 c343787d343787 001040aSSISMbSSISMd2017-09-18l0oFIC L345wa 2008pSSISM2859r2017-09-18 00:00:00w2017-09-18yBK